| 000 | 00407pab a2200157 454500 | ||
|---|---|---|---|
| 008 | 180718b2013 xxu||||| |||| 00| 0 eng d | ||
| 100 | _aWinston, Clifford | ||
| 245 | _aOn the performance of the US transportation system: Caution ahead | ||
| 260 | _c2013 | ||
| 300 | _ap.773-824. | ||
| 362 | _aSep | ||
| 650 | _aTransport | ||
| 773 | _aJournal of Economic Literature | ||
| 908 | _aN | ||
| 909 | _a101725 | ||
| 999 |
_c101723 _d101723 |
||